书目信息 |
| 书名: | Chu Yuan | |
| 作者: | by Kuo Mo-jo; translated by Yang Hsien-yi and Gladys Yang. | |
| 分册号: | ||
| 分册名: | 出版地: | Peking : |
|
| 出版社: | Foreign Languages Press | |
| 出版时间: | 1978. | |
| 页数: | 100 p., 1 leaf of plates ; | |
| 开本: | 22 cm. | |
| 丛书名: | ||
| 中图分类号: | ||
| 科图分类号: | ||
| 其他分类号: | H319.4 | |
| 主题词: | ||
| 电子资源: | ||
| 000 | 00753nam 2200229Ii 4504 | |
| 001 | E0729651254 | |
| 005 | 20070301081746.90 | |
| 008 | 030430s1978 cc f 00010beng d | |
| 040 | @aCUF@cCUF@dCWR | |
| 041 | 1 | @aENGCHI |
| 090 | @aK268/W14/1978 | |
| 090 | @aH319.4 | |
| 099 | @dH319.4@ex220 | |
| 100 | 1 | @aGuo Moruo:(郭沫若),@d1892-1978. |
| 240 | 00 | @aCh'鑥 Y鑥an(屈原).@lEnglish. |
| 245 | 10 | @aChu Yuan :@ba play in five acts / @cby Kuo Mo-jo; translated by Yang Hsien-yi and Gladys Yang. |
| 250 | @a2d ed. | |
| 260 | 0 | @aPeking :@bForeign Languages Press,@c1978. |
| 300 | @a100 p., 1 leaf of plates ;@c22 cm. | |
| 500 | @aTranslation of Ch'鑥 Y鑥an. | |
| 600 | 10 | @aCh拌u, Y鑥an,@dca. 343-ca. 277 B.C.@xDrama. |
| 920 | @a232010@z2 | |
| Chu Yuan : : a play in five acts / / by Kuo Mo-jo; translated by Yang Hsien-yi and Gladys Yang.-2d ed.-Peking : : Foreign Languages Press, , 1978. |
| 100 p., 1 leaf of plates ; ; 22 cm. |
| Translation of Ch'鑥 Y鑥an. |
| ISBN |
| ● |
| 相关链接 |
|
|
|
|
正题名:Chu Yuan
索取号:H319.4/x220
 
预约/预借
| 序号 | 登录号 | 条形码 | 馆藏地/架位号 | 状态 | 备注 |
| 1 | 1685 | 001432471 | 第四借阅区/ [索取号:H319.4/x220] | 在馆 | |
| 2 | 1686 | 001432453 | 第四借阅区/ [索取号:H319.4/x220] | 在馆 | |
| 3 | 49486 | 001432462 | 第四借阅区/ [索取号:H319.4/x220] | 在馆 |